000
00235nam a2200109Ia 4500
999
_c
8440
_d
8440
020
_a
978-0073655789
100
_a
Roger S. Pressman
245
0
_a
Software Engineering
260
_a
USA
_b
McGraw -Hill
_c
2002
300
_a
881
942
_c
BK